[Event "Cappelle Online Blitz op"]
[Site "Europe Echecs INT"]
[Date "2022.01.09"]
[Round "6"]
[White "Asadzade, Idris"]
[Black "Couche, Didier"]
[Result "1/2-1/2"]
[WhiteElo "2196"]
[BlackElo "1947"]
[PlyCount "130"]
[EventDate "2022.01.09"]
[EventType "swiss (blitz)"]
[EventRounds "11"]
[EventCountry "FRA"]
[SourceTitle "EXT 2023"]
[Source "ChessBase"]
[SourceDate "2022.10.05"]
[SourceVersion "1"]
[SourceVersionDate "2022.10.05"]
[SourceQuality "1"]

1. c4 c6 2. d4 d5 3. cxd5 cxd5 4. Nc3 Nc6 5. e4 dxe4 6. d5 Ne5 7. Qd4 Ng6 8. Qxe4 Nf6 9. Qd4 a6 10. Bg5 e6 11. Bc4 exd5 12. Nxd5 Be7 13. Bxf6 Bxf6 14. Nxf6+ Qxf6 15. Qxf6 gxf6 16. 0-0-0 0-0 17. Nf3 Be6 18. Bxe6 fxe6 19. Kb1 Rfd8 20. g3 Kf7 21. b4 e5 22. Kb2 Rac8 23. Kb3 Ke7 24. h4 h5 25. Rhe1 Rxd1 26. Rxd1 Nf8 27. a4 Ne6 28. Rd2 Rc7 29. Rc2 Rd7 30. Rd2 Rc7 31. Rd3 Rc1 32. Rc3 Rd1 33. Kc4 Rf1 34. Rc2 Ra1 35. a5 Rd1 36. b5 axb5+ 37. Kxb5 Rd5+ 38. Ka4 Kd7 39. Rd2 Kc6 40. Rxd5 Kxd5 41. Kb5 Nd4+ 42. Nxd4 exd4 43. Kb4 Ke4 44. Kc4 Kf3 45. Kxd4 Kxf2 46. g4 hxg4 47. h5 g3 48. h6 g2 49. h7 g1Q 50. h8Q Qa1+ 51. Kc4 Qa4+ 52. Kd3 Qb3+ 53. Ke4 Qb4+ 54. Kd3 Qd6+ 55. Kc4 Qc6+ 56. Kb4 Qe4+ 57. Kb5 f5 58. Qh2+ Ke3 59. Qg1+ Ke2 60. Qh2+ Kf1 61. Qh3+ Kg1 62. Qg3+ Kh1 63. Qh3+ Kg1 64. Qg3+ Kf1 65. Qh3+ Kg1 1/2-1/2

[Event "Heusenstamm Sparkassen op-A 7th"]
[Site "Heusenstamm"]
[Date "2021.11.20"]
[Round "5.19"]
[White "Bashylina, Luisa"]
[Black "Asadzade, Idris"]
[Result "1/2-1/2"]
[WhiteElo "1916"]
[BlackElo "2228"]
[PlyCount "37"]
[EventDate "2021.11.18"]
[EventType "swiss"]
[EventRounds "7"]
[EventCountry "GER"]
[SourceTitle "EXT 2023"]
[Source "ChessBase"]
[SourceDate "2022.10.05"]
[SourceVersion "1"]
[SourceVersionDate "2022.10.05"]
[SourceQuality "1"]

1. d4 d5 2. c4 e6 3. Nc3 Nf6 4. cxd5 exd5 5. Bg5 Be6 6. e3 Nbd7 7. Bd3 c6 8. Qc2 h6 9. Bh4 g5 10. Bg3 Nh5 11. Nf3 Nxg3 12. hxg3 Bg7 13. b4 a5 14. Rb1 axb4 15. Rxb4 b5 16. 0-0 Qa5 17. Rfb1 Rg8 18. a4 bxa4 19. Nxa4 1/2-1/2

[Event "Mittelrhein Verbandsliga Nord 1920"]
[Site "Mittelrhein"]
[Date "2020.02.16"]
[Round "6.1"]
[White "Reinoehl, Christian"]
[Black "Asadzade, Idris"]
[Result "1/2-1/2"]
[WhiteElo "2115"]
[BlackElo "2119"]
[PlyCount "89"]
[EventDate "2019.09.29"]
[EventType "team-tourn"]
[EventRounds "9"]
[EventCountry "GER"]
[SourceTitle "EXT 2023"]
[Source "ChessBase"]
[SourceDate "2022.10.05"]
[SourceVersion "1"]
[SourceVersionDate "2022.10.05"]
[SourceQuality "1"]
[WhiteTeam "Troisdorf"]
[BlackTeam "Leverkusen Koenigsspringer"]
[WhiteTeamCountry "GER"]
[BlackTeamCountry "GER"]

1. e4 e6 2. d4 d5 3. Nc3 dxe4 4. Nxe4 Nd7 5. Nf3 Ngf6 6. Nxf6+ Nxf6 7. Bg5 Be7 8. Bd3 b6 9. Ne5 Bb7 10. Bb5+ c6 11. Qf3 Qxd4 12. Bxc6+ Kf8 13. Bxf6 Bxf6 14. Nd3 Bxc6 15. Qxc6 Rd8 16. 0-0-0 g6 17. Rhe1 Rd6 18. Qe4 Qxe4 19. Rxe4 Ke7 20. Ne5 Rhd8 21. Rxd6 Rxd6 22. c3 Rd5 23. Nf3 Bg7 24. Ra4 a5 25. Kc2 Rc5 26. Kd3 Kd6 27. Rc4 f5 28. Rxc5 bxc5 29. Kc4 e5 30. Kb5 Bh6 31. Kxa5 e4 32. Ng1 Bc1 33. b4 Bd2 34. Ne2 f4 35. Kb5 cxb4 36. cxb4 g5 37. h3 h5 38. Kc4 g4 39. hxg4 hxg4 40. Nxf4 Bxf4 41. Kd4 Bd2 42. Kxe4 Bxb4 43. Kf4 Be1 44. Kxg4 Bxf2 45. Kf5 1/2-1/2

[Event "Mittelrhein Verbandsliga Nord 1920"]
[Site "Mittelrhein"]
[Date "2019.11.17"]
[Round "3.1"]
[White "Baer, Marco"]
[Black "Asadzade, Idris"]
[Result "1/2-1/2"]
[WhiteElo "2084"]
[BlackElo "2119"]
[PlyCount "108"]
[EventDate "2019.09.29"]
[EventType "team-tourn"]
[EventRounds "9"]
[EventCountry "GER"]
[SourceTitle "EXT 2023"]
[Source "ChessBase"]
[SourceDate "2022.10.05"]
[SourceVersion "1"]
[SourceVersionDate "2022.10.05"]
[SourceQuality "1"]
[WhiteTeam "Bayer Leverkusen"]
[BlackTeam "Leverkusen Koenigsspringer"]
[WhiteTeamCountry "GER"]
[BlackTeamCountry "GER"]

1. e4 c5 2. Nf3 d6 3. d4 Nf6 4. Nc3 cxd4 5. Nxd4 Nc6 6. Bc4 e6 7. Bb3 Be7 8. Be3 a6 9. Qe2 Qc7 10. 0-0-0 Na5 11. f4 b5 12. Nf3 Bb7 13. e5 Nxb3+ 14. axb3 dxe5 15. fxe5 Nd5 16. Nxd5 Bxd5 17. Kb1 Rc8 18. Rhf1 Be4 19. Rc1 0-0 20. Bf4 Bg6 21. h4 Qc5 22. g4 Qb4 23. Bg5 Bxg5 24. Nxg5 h6 25. h5 Bxc2+ 26. Rxc2 Rxc2 27. Qxc2 hxg5 28. h6 gxh6 29. Rf6 Kg7 30. Qh2 Qe1+ 31. Ka2 Qh4 32. Qg2 a5 33. Rf1 h5 34. gxh5 Qxh5 35. Qf2 Qg6 36. Qe3 f5 37. exf6+ Rxf6 38. Qe5 a4 39. bxa4 bxa4 40. Rd1 Qf5 41. Rd7+ Kg6 42. Qb8 Rf8 43. Qh2 Rf7 44. Rd8 e5 45. Rg8+ Rg7 46. Rh8 g4 47. Rh6+ Kf7 48. Qe2 Rg6 49. Rh7+ Kg8 50. Re7 Rg7 51. Re8+ Kh7 52. Qh2+ Kg6 53. Rxe5 Qf7+ 54. Ka1 Qf1+ 1/2-1/2

[Event "Karlsruhe Grenke op"]
[Site "Karlsruhe"]
[Date "2019.04.18"]
[Round "1"]
[White "Lopez Martinez, Josep Manuel"]
[Black "Asadzade, Idris"]
[Result "1-0"]
[WhiteElo "2578"]
[BlackElo "2130"]
[PlyCount "79"]
[EventDate "2019.04.18"]
[EventType "swiss"]
[EventRounds "9"]
[EventCountry "GER"]
[SourceTitle "CBM 189 Extra"]
[Source "ChessBase"]
[SourceDate "2019.06.03"]
[SourceVersion "1"]
[SourceVersionDate "2019.06.03"]
[SourceQuality "1"]

1. d4 Nf6 2. c4 e6 3. Nf3 c5 4. d5 b5 5. e4 Nxe4 6. Bd3 Nf6 7. 0-0 Bb7 8. Re1 Be7 9. Nc3 exd5 10. cxd5 Nxd5 11. Nxb5 Qb6 12. Bc4 a6 13. Bxd5 Qxb5 14. a4 Qb4 15. Bd2 Qb6 16. Qe2 0-0 17. Bxb7 Qxb7 18. Qxe7 Nc6 19. Qxc5 Qxb2 20. h3 Rab8 21. Bc3 Qc2 22. Nd4 Nxd4 23. Qxd4 f6 24. Rac1 Qf5 25. Qg4 Qxg4 26. hxg4 Kf7 27. Rcd1 Rb7 28. a5 Rc8 29. Bd4 Rb5 30. Bb6 d5 31. Rd2 Rc4 32. f3 Rf4 33. Rde2 Kg6 34. Re7 Rc4 35. Rd7 Rc2 36. Ree7 Kg5 37. Kh2 Rbb2 38. Kh3 f5 39. f4+ Kh6 40. Re6+ 1-0

[Event "Mittelrhein Verbandsliga-N 17/18"]
[Site "Nordrheinwestfalen"]
[Date "2018.05.06"]
[Round "11.2"]
[White "Asadzade, Idris"]
[Black "Brungs, Sven"]
[Result "1/2-1/2"]
[WhiteElo "2007"]
[BlackElo "1762"]
[PlyCount "67"]
[EventDate "2017.09.10"]
[EventType "team-swiss"]
[EventRounds "11"]
[EventCountry "GER"]
[SourceTitle "EXT 2022"]
[Source "ChessBase"]
[SourceDate "2021.10.06"]
[SourceVersion "1"]
[SourceVersionDate "2021.10.06"]
[SourceQuality "1"]
[WhiteTeam "Leverkusen Koenigsspringer"]
[BlackTeam "Porz SG IV"]
[WhiteTeamCountry "GER"]
[BlackTeamCountry "GER"]

1. c4 g6 2. g3 Bg7 3. Bg2 Nf6 4. Nf3 0-0 5. 0-0 c6 6. b3 d5 7. Bb2 Bg4 8. d4 Qc8 9. cxd5 cxd5 10. Na3 Bh3 11. Rc1 Nc6 12. Nc2 Bxg2 13. Kxg2 Qd7 14. Nce1 Rfc8 15. Nd3 Qd8 16. Nfe5 Nxe5 17. dxe5 Nd7 18. Qd2 e6 19. Rxc8 Rxc8 20. Rc1 Bf8 21. Rxc8 Qxc8 22. Qc3 Qxc3 23. Bxc3 Nc5 24. Kf3 Nxd3 25. exd3 Kg7 26. Ke3 Kh6 27. f4 g5 28. Kf3 gxf4 29. Kxf4 Kg6 30. Bd4 a6 31. g4 Be7 32. Kg3 f5 33. exf6 Bd6+ 34. Kg2 1/2-1/2

[Event "EU Union-ch U14"]
[Site "Kouty nad Desnou"]
[Date "2017.08.26"]
[Round "8"]
[White "Jarocka, Liwia"]
[Black "Asadzade, Idris"]
[Result "1-0"]
[WhiteElo "1789"]
[BlackElo "1908"]
[PlyCount "105"]
[EventDate "2017.08.19"]
[EventType "swiss"]
[EventRounds "9"]
[EventCountry "CZE"]
[SourceTitle "CBM 180 Extra"]
[Source "ChessBase"]
[SourceDate "2017.10.06"]
[SourceVersion "1"]
[SourceVersionDate "2017.10.06"]
[SourceQuality "1"]

1. e4 e6 2. d4 d5 3. Nd2 Nf6 4. e5 Nfd7 5. Bd3 b6 6. c3 c5 7. Nh3 Ba6 8. Bxa6 Nxa6 9. Qg4 cxd4 10. cxd4 h5 11. Qf4 g6 12. Ng5 Qe7 13. 0-0 Bh6 14. Ndf3 Nb4 15. Rd1 0-0 16. Qg3 Kg7 17. Bf4 Rac8 18. a3 Nc6 19. h4 Na5 20. Nh3 Bxf4 21. Nxf4 Kh6 22. Ng5 Rg8 23. Rac1 Rxc1 24. Rxc1 Nc4 25. Rc2 Nf8 26. a4 Nh7 27. Nxh7 Kxh7 28. Nh3 Kg7 29. Ng5 Rf8 30. b3 Na3 31. Rc6 b5 32. Qc3 bxa4 33. Rc7 Nb5 34. Rxe7 Nxc3 35. Nxe6+ Kg8 36. Nxf8 Kxf8 37. Rxa7 axb3 38. Rb7 Ne2+ 39. Kf1 Nxd4 40. Rb4 Nc6 41. Rxb3 Nxe5 42. Rb5 Ke7 43. Rxd5 Ke6 44. Ra5 f6 45. Ke2 g5 46. hxg5 fxg5 47. g3 h4 48. gxh4 gxh4 49. f4 Ng4 50. Rh5 Kf6 51. Kf3 Nh2+ 52. Kg2 Ng4 53. Rxh4 1-0